LEADER 01536nam 2200397 n 450 001 996387352703316 005 20221108065240.0 035 $a(CKB)1000000000626520 035 $a(EEBO)2240887708 035 $a(UnM)99857497 035 $a(EXLCZ)991000000000626520 100 $a19921215d1573 uy | 101 0 $alat 135 $aurbn||||a|bb| 200 10$aD. Erasmi Roterodami de duplici copia verborum ac rerum$b[electronic resource] $ecommentarii duo, multa acessione nouisq?ue formulis locupletati. Vna cum commentarijs M. Veltkirchij oratoria professoris in schola Wittenbergensi, iam recens natis ac ęditis 210 $aLondini $cApud Henricum Middeltonum$danno Domini 1573 215 $a[400] p 300 $aM. Veltkirchius = Joannes Velcurio, sometimes known as Bernhardi. 300 $aAnother edition of STC 10472, revised. Includes index. 300 $aSignatures: A-Z 2A-2B. 300 $aReproduction of the original in the University of Illinois (Urbana-Champaign Campus). Library. 330 $aeebo-0167 606 $aRhetoric$vEarly works to 1800 606 $aStudy skills$vEarly works to 1800 615 0$aRhetoric 615 0$aStudy skills 700 $aErasmus$b Desiderius$fd. 1536.$0799747 701 $aVelcurio$b Joannes$fd. 1607.$01003818 801 0$bCu-RivES 801 1$bCu-RivES 801 2$bCStRLIN 801 2$bWaOLN 906 $aBOOK 912 $a996387352703316 996 $aD. Erasmi Roterodami de duplici copia verborum ac rerum$92375483 997 $aUNISA LEADER 03498nam 2200685Ia 450 001 9910974641403321 005 20251116173126.0 010 $a1-134-34212-8 010 $a1-134-34213-6 010 $a1-280-22412-6 010 $a9786610224128 010 $a0-203-34389-1 035 $a(CKB)1000000000253495 035 $a(EBL)200553 035 $a(OCoLC)437061314 035 $a(SSID)ssj0000240306 035 $a(PQKBManifestationID)11176253 035 $a(PQKBTitleCode)TC0000240306 035 $a(PQKBWorkID)10266354 035 $a(PQKB)10032815 035 $a(MiAaPQ)EBC200553 035 $a(Au-PeEL)EBL200553 035 $a(CaPaEBR)ebr10163106 035 $a(CaONFJC)MIL22412 035 $a(OCoLC)252724215 035 $a(FlBoTFG)9780203343890 035 $a(EXLCZ)991000000000253495 100 $a20031204d2004 uy 0 101 0 $aeng 135 $aur||| ||||| 181 $ctxt 182 $cc 183 $acr 200 00$aRussian-Muslim confrontation in the Caucasus $ealternative visions of the conflict between Imam Shamil and the Russians, 1830-1859 /$fedited by Thomas Sanders, Ernest Tucker and Gary Hamburg ; with an extended commentary "War of Worlds" by Gary Hamburg 205 $a1st ed. 210 $aLondon ;$aNew York $cRoutledgeCurzon$d2004 215 $a1 online resource (256 p.) 225 1 $aSOAS/RoutledgeCurzon studies on the Middle East 300 $aDescription based upon print version of record. 311 08$a0-415-47879-0 311 08$a0-415-32590-0 320 $aIncludes bibliographical references and index. 327 $aCover; RUSSIAN-MUSLIM CONFRONTATION IN THE CAUCASUS: Alternative visions of the conflict between Imam Shamil and the Russians, 1830-1859; Copyright; CONTENTS; PREFACE; ACKNOWLEDGMENTS; NOTE ON TRANSLITERATION; CHRONOLOGY; MAPS; INTRODUCTION; Part I INTRODUCTION; THE SHINING OF DAGHESTANI SWORDS IN CERTAIN CAMPAIGNS OF SHAMIL (SELECTED PASSAGES); Part II INTRODUCTION; HADJI MURAT; Part III WAR OF WORLDS; A COMMENTARY ON THE TWO TEXTS IN THEIR HISTORICAL CONTEXT; GLOSSARY; INDEX 330 3 $aThis book presents two extraordinary texts - The Shining of Swords by Al-Qarakhi and a new translation for a contemporary readership of Leo Tolstoy's Hadji Murat - illuminating the mountain war between the Muslim peoples of the Caucasus and the imperial Russian army from 1830 to 1859. The authors offer a complete commentary on the various intellectual and religious contexts that shaped the two texts and explain the historical significance of the Russian-Muslim confrontation. It is shown that the mountain war was a clash of two cultures, two religious outlooks and two different worlds. The book provides an important background for the ongoing contest between Russia and indigenous people for control of the Caucasus. 410 0$aSOAS/RoutledgeCurzon studies on the Middle East. 607 $aDagestan (Russia)$xHistory$y19th century 607 $aDagestan (Russia)$xEthnic relations 676 $a947.5/073/088297 701 $aSanders$b Thomas$f1951-$01020696 701 $aTucker$b Ernest$f1961-$01880271 701 $aHamburg$b Gary M$0678054 701 2$aTolstoy$b Leo$cgraf,$f1828-1910.$0159663 701 2$aQarahi$b Muhammad Tahir$fd. 1882.$01880272 801 0$bMiAaPQ 801 1$bMiAaPQ 801 2$bMiAaPQ 906 $aBOOK 912 $a9910974641403321 996 $aRussian-Muslim confrontation in the Caucasus$94494149 997 $aUNINA